Discover activex (Record no. 29151)

MARC details
000 -LEADER
fixed length control field 00429nam a2200181Ia 4500
020 ## - INTERNATIONAL STANDARD BOOK NUMBER
ISBN 0764531506
050 ## - CALL MARK
Classification number QA 76.625 .M327/
100 ## - STATEMENT OF RESPONSIBILITY--MAIN AUTHOR NAME
Personal name Mansfield, Richard
245 #0 - TITLE STATEMENT
Title Discover activex
260 ## - PUBLICATION, DISTRIBUTION, ETC. (IMPRINT)
Place of publication Foster
260 ## - PUBLICATION, DISTRIBUTION, ETC. (IMPRINT)
Name of publisher IDG
260 ## - PUBLICATION, DISTRIBUTION, ETC. (IMPRINT)
Year of publication 1997
300 ## - PHYSICAL DESCRIPTION
Number of Pages 436 p
650 ## - SUBJECT ADDED ENTRY--TOPICAL TERM
Topical Term ActiveX. Internet programming. Web sites.
942 ## - ADDED ENTRY ELEMENTS (KOHA)
Koha item type Books
Holdings
Withdrawn status Lost status Source of classification or shelving scheme Damaged status Not for loan Permanent Location Current Location Date acquired Accession Number Price effective from Koha item type
    Library of Congress Classification     NILE UNIVERSITY OF NIGERIA - MAIN LIBRARY NILE UNIVERSITY OF NIGERIA - MAIN LIBRARY 04/23/2025 0000440 04/23/2025 Books